Statistiques concernant Culture Générale - Série 1960

Cliquez ici pour prendre le quiz!

Statistiques générales

  • Ce quiz a été pris 64 fois
  • Le résultat moyen est 4 sur 10

Statistiques - réponses

QuestionRéponse% Correct
Qui est "Le maître d'école" dans le film du même nom réalisé en 1981 par Claude Berri ?Coluche
78%
Dans quel pays a été construit le lac artificiel "El-Assad", sur l'Euphrate ?Syrie
63%
Ce mot désigne : une habitude-une levée aux cartes-une lettrepli
56%
Sable mouvant des bords de mer et prénom fémininLise
46%
Dans quel sport s'illustre la française Tessa Worley ?ski
41%
Quelle rivière arrose la ville allemande de Munich ?Isar
34%
Comment appelle-t-on un coffre à pain ? voir photomaie
31%
Quel adjectif anagramme de "goure" signifie "arrogant" ?rogue
31%
Quelle sorte de jouet est le "toton" ?toupie
25%
Quel instrument de musique, voisin du clavecin, était prisé par Mozart ?épinette
10%

Distribution des résultats

Percentile par nombre de réponses

% des personnes avec chaque résultat

Votre développement - résultats

Vous n’avez pas pris ce quiz